| 000 | 00609nam a22001937a 4500 | ||
|---|---|---|---|
| 999 |
_c190832 _d190832 |
||
| 005 | 20220805151023.0 | ||
| 010 | _aENG-134321 | ||
| 020 |
_a9789393737779 _c399.00 |
||
| 035 | _aEN-117853 | ||
| 037 | _bDBAD/PUB | ||
| 082 | _a338.04 | ||
| 100 | _aIshaq, M. Mohamed | ||
| 245 |
_aProspects of Millennial Entrepreneurs/ _cM. Mohamed Ishaq and A. Sulthan Mohideen |
||
| 260 |
_aMadurai _bShanlax Publications _c2022 |
||
| 270 |
_a61, 66 T.P.K. Main Road, Vasantha Nagar _bMadurai _e625003 |
||
| 300 |
_a118p. _c24cm(pbk) |
||
| 700 | _aMohideen, A. Sulthan | ||
| 942 |
_2ddc _cEN _h338.04 _mISH |
||